000 00618nam a2200229Ia 4500
003 OSt
005 20220928114139.0
006 a|||||r|||| 00| 0
007 ta
008 220927b |||||||| |||| 00| 0 eng d
024 _a56549
037 _cTextual
040 _aSDCL
_cSDCL
_beng
041 _2eng
_aeng
082 _aY15:6.2'N7, L7
100 _aGorwaney Naintara
_9437162
245 0 _aSelf image and social change
260 _aNew Delhi
_bSterling Publishers
_c1977
300 _aviii,276p
_ccm.
942 _hY15:6.2'N7, L7
_cTEXL
_2CC
999 _c753138
_d753138